Relatos de monstruos /

Guardado en:
Autor Principal: Zorn, Steven; adap.
Otros Autores: Antón, Pablo; adap., Bradley, John; il., Morris, Kenneth., Field, Eugene., Bierce, Ambrose.
Formato: Libro
Idioma:Undetermined
Publicado: Buenos Aires : Vicens Vives, 2014.
Series:Cucaña / Francisco Antón
Materias:
Etiquetas: Agregar Etiqueta
Sin Etiquetas, Sea el primero en etiquetar este registro!
LEADER 01790nam a22004095a 4500
001 CEM.cems019506
008 220907s2014####ag############000#0#und#d
005 20220929195314.0
245 1 0 |a Relatos de monstruos /  |c adaptado por Steven Zorn y Pablo Antón; ilustrado por John Bradley. 
260 |a Buenos Aires :  |b Vicens Vives,  |c 2014. 
300 |a 64 p. 
490 1 |a Cucaña / Francisco Antón 
505 0 |a Los ojos del dragón / Kenneth Morris -- El hombre lobo / Eugene Field -- El maestro de ajedrez / Ambrose Bierce -- Boewulf y Grendel / Anónimo 
020 |a 9789871291601 
100 1 |a Zorn, Steven; adap. 
700 1 |a Antón, Pablo; adap. 
700 1 |a Bradley, John; il. 
700 1 |a Morris, Kenneth. 
700 1 |a Field, Eugene. 
700 1 |a Bierce, Ambrose. 
653 |a Literatura 
653 |a Literatura Norteamericana 
653 |a Literatura Estadounidense 
653 |a Cuentos 
653 |a Literatura infantil 
653 |a Relatos 
653 |a Monstruos 
859 |a CEMS  |b BIB. CEMS - Inicial y Primaria  |h 813.5  |i Z77  |k IP  |p 5234  |t Ej.1 
859 |a CEMS  |b BIB. CEMS - Inicial y Primaria  |h 813.5  |i Z77  |k IP  |p 5235  |t Ej.2 
859 |a CEMS  |b BIB. CEMS - Inicial y Primaria  |h 813.5  |i Z77  |k IP  |p 5236  |t Ej.3 
859 |a CEMS  |b BIB. CEMS - Inicial y Primaria  |h 813.5  |i Z77  |k IP  |p 5237  |t Ej.4 
859 |a CEMS  |b BIB. CEMS - Inicial y Primaria  |h 813.5  |i Z77  |k IP  |p 5238  |t Ej.5 
859 |a CEMS  |b BIB. CEMS - Inicial y Primaria  |h 813.5  |i Z77  |k IP  |p 5239  |t Ej.6 
859 |a CEMS  |b BIB. CEMS - Inicial y Primaria  |h 813.5  |i Z77  |k IP  |p 5240  |t Ej.7 
859 |a CEMS  |b BIB. CEMS - Inicial y Primaria  |h 813.5  |i Z77  |k IP  |p 5241  |t Ej.8 
859 |a CEMS  |b BIB. CEMS - Inicial y Primaria  |h 813.5  |i Z77  |k IP  |p 5242  |t Ej.9 
859 |a CEMS  |b BIB. CEMS - Inicial y Primaria  |h 813.5  |i Z77  |k IP  |p 5243  |t Ej.10